Actors who worked with Christopher McQuarrie - Statistics

General Stats
  • This quiz has been taken 23 times
    7 since last reset
  • The average score is 13 of 35
Answer Stats
Films Answer % Correct
Mission: Impossible- Rogue Nation, Mission: Impossible- Fallout Alec Baldwin
100%
Mission: Impossible- Rogue Nation, Mission: Impossible- Fallout, Mission: Impossible- Dead Reckoning, Mission: Impossible - The Final Reckoning Simon Pegg
100%
Mission: Impossible- Rogue Nation, Mission: Impossible- Fallout, Mission: Impossible- Dead Reckoning, Mission: Impossible - The Final Reckoning, Jack Reacher Tom Cruise
100%
Mission: Impossible- Rogue Nation, Mission: Impossible- Fallout, Mission: Impossible- Dead Reckoning, Mission: Impossible - The Final Reckoning Ving Rhames
100%
Mission: Impossible- Dead Reckoning, Mission: Impossible - The Final Reckoning Hayley Atwell
75%
Mission: Impossible- Rogue Nation, Mission: Impossible- Fallout, Mission: Impossible- Dead Reckoning Rebecca Ferguson
75%
Mission: Impossible- Fallout, Mission: Impossible- Dead Reckoning Part One Vanessa Kirby
75%
Mission: Impossible- Fallout Angela Bassett
50%
Mission: Impossible - The Final Reckoning Angela Bassett
50%
Mission: Impossible- Dead Reckoning Cary Elwes
50%
Mission: Impossible- Dead Reckoning, Mission: Impossible - The Final Reckoning Esai Morales
50%
Mission: Impossible- Rogue Nation Jeremy Renner
50%
Mission: Impossible- Dead Reckoning, Mission: Impossible - The Final Reckoning Pom Klementieff
50%
Jack Reacher Rosamund Pike
50%
Mission: Impossible- Rogue Nation, Mission: Impossible- Fallout Sean Harris
50%
The Way of the Gun Benicio del Toro
25%
Jack Reacher David Oyelowo
25%
Mission: Impossible- Fallout Henry Cavill
25%
Mission: Impossible - Dead Reckoning, Mission: Impossible - The Final Reckoning Henry Czerny
25%
Mission: Impossible- Dead Reckoning, Mission: Impossible - The Final Reckoning Mark Gatiss
25%
Mission: Impossible - The Final Reckoning Nick Offerman
25%
Jack Reacher Richard Jenkins
25%
Jack Reacher Robert Duvall
25%
Mission: Impossible- Dead Reckoning, Mission: Impossible - The Final Reckoning Shea Whigham
25%
Mission: Impossible- Rogue Nation Tom Hollander
25%
Jack Reacher Werner Herzog
25%
Mission: Impossible - The Final Reckoning Hannah Waddingham
0%
Jack Reacher Jai Courtney
0%
The Way of the Gun James Caan
0%
Mission: Impossible - The Final Reckoning Janet McTeer
0%
The Way of the Gun Juliette Lewis
0%
Mission: Impossible - Dead Reckoning, Mission: Impossible - The Final Reckoning Mariela Garriga
0%
Mission: Impossible- Fallout Michelle Monaghan
0%
The Way of the Gun Ryan Phillippe
0%
The Way of the Gun Sarah Silverman
0%
No matching quizzes found
Score Distribution
Percent of People with Each Score
Percentile by Number Answered
Your Score History
You have not taken this quiz since the last reset